Máximas sobre recursos de fuerza y protección, con el método de introducirlos en los tribunales

Saved in:
Bibliografiske detaljer
Hovedforfatter: Covarrubias, José de (Author)
Format: Bog
Sprog:spansk
Udgivet: Madrid Repullés 1829
Fag:
Tags: Tilføj Tag
Ingen Tags, Vær først til at tagge denne postø!

MARC

LEADER 00000nam a2200000 a 4500
001 UCR4161
003 CL-VaPUC
008 980307e18290000SP |||||||||||||||||spa|d
082 0 4 |a 347.05  |b COV  |2 21 
100 0 |a Covarrubias, José de  |e author  |9 403853 
245 1 0 |a Máximas sobre recursos de fuerza y protección, con el método de introducirlos en los tribunales 
300 |a t 
942 |c BK 
945 |d 19980307 00:00:00  |a cmena 
260 |a Madrid  |b Repullés  |c 1829 
650 7 |a PROCEDIMIENTO JUDICIAL  |2 CL-VaPUC  |9 403854 
650 0 |a Recurso de protección   |9 255487 
650 0 |a Recursos procesales  |9 255595 
650 0 |a Justicia   |9 255408 
650 0 |a Derecho civil  |9 255013 
650 0 |a Derecho constitucional   |9 222588 
583 |a last modification  |c 20161004 05:02:34  |k Rodrigo Vera 
999 |c 267112  |d 267110 
952 |0 0  |1 0  |4 0  |6 347_050000000000000_COV_1829  |7 0  |8 DER_HDC  |9 299291  |a BIBDER  |b BIBDER  |d 2019-11-20  |h t.2  |i 1958143  |l 1  |o 347.05 COV 1829  |p 1958143  |r 2023-01-25  |s 2020-03-19  |w 2019-11-20  |x Ubicación 4to Piso  |y BK_X  |z Estos recursos deben solicitarse con anticipación  |k DER